000 00615nam a2200169 a 4500
001 000037715
003 DO-SdBNP
005 20250711140144.0
008 121115s2012 dr 000 0 spa d
040 _aDO-SdBNP
_bspa
_cBNPHU
082 4 _axxx
_bxxx
_222
110 2 _aPartido Revolucionario Dominicano
_95214
245 1 0 _aCultura propuestas y programa :
_bComando Nacional de Cultura "Amable Botello" de la candidatura Presidencial del compañero Hipólito Mejía, 2012-2016 /
_cPartido Revolucionario Dominicano.
260 _aSanto Domingo :
_bBúho ,
_c2012.
300 _a64 p. ;
_c22 cm.
942 _2ddc
_cLBS1
999 _c37205
_d37205